00782nam a2200229Ii 45000010005000000030009000050080041000140200015000550400033000700410008001030820014001111000030001252450022001552640075001773000012002523360026002643370028002903380027003189400050003459990017003959520140004125546CO-ViMGA241108s9999||||xx |||||||||||||| ||und|| a8422612097 aCO-ViMGAbspaerdacCO-ViMGA0 aunk04a833-V473h1 aChristiane Vera F.95397210aHijos de la droga 1a[Lugar de publicación no identificado] : Círculo de Lectores, 1979 avolumen atextbtxt2rdacontent aunmediatedbn2rdamedia avolumebnc2rdacarrier aidficha_siabuc: 5400. -- ficha_no_siabuc:5546 c50797d50797 001040708001aMEVIGERRbMEVIGERRcGENd2006-11-27hVol.1o833-V473hpECA4669r2024-11-26 10:02:14tEj.1w2024-11-26yBKz5400 | 7637